| Tag |
First Indicator |
Second Indicator |
Subfields |
| LEADER |
00000cam a2200000 4500 |
| 001 |
in00000094645 |
| 005 |
20150927110520.0 |
| 008 |
750701s1940 eng u |
| 010 |
|
|
|a 40007573
|
| 035 |
|
|
|a (OCoLC)01423563
|
| 035 |
|
|
|9 AAL6516AM
|
| 040 |
|
|
|c CSU
|d TXA
|d UtOrBLW
|
| 049 |
|
|
|a TXAM
|c [97052]
|
| 050 |
|
0 |
|a TX326
|b .H27
|
| 082 |
0 |
|
|a 647.1
|
| 100 |
1 |
|
|a Harwood, E. C.
|q (Edward Crosby),
|d 1900-1980.
|
| 245 |
1 |
0 |
|a How to make your budget balance /
|c by E. C. Harwood and Helen Fowle.
|
| 264 |
|
1 |
|a Cambridge, Mass. :
|b American Institute for Economic Research,
|c [1940]
|
| 264 |
|
4 |
|c [©1940]
|
| 300 |
|
|
|a 143 pages :
|b diagrams ;
|c 23 cm.
|
| 336 |
|
|
|a text
|b txt
|2 rdacontent
|
| 337 |
|
|
|a unmediated
|b n
|2 rdamedia
|
| 338 |
|
|
|a volume
|b nc
|2 rdacarrier
|
| 500 |
|
|
|a Cover-title.
|
| 504 |
|
|
|a "References" at end of most chapters.
|
| 650 |
|
0 |
|a Home economics
|x Accounting.
|
| 650 |
|
0 |
|a Saving and investment.
|
| 700 |
1 |
|
|a Fowle, Helen.
|
| 999 |
|
|
|a MARS
|
| 999 |
f |
f |
|s fc45e4f8-9088-3e18-9c4f-61d0273dc940
|i b9e4b45e-30ec-3831-ac37-5e381a575202
|t 0
|
| 952 |
f |
f |
|p ric
|a Texas A&M University
|b Rellis Campus
|c Joint Library Facility
|d Remote Storage
|t 0
|e TX326 .H27
|h Library of Congress classification
|i unmediated -- volume
|m A14805669319
|
| 998 |
f |
f |
|a TX326 .H27
|t 0
|l Remote Storage
|